| 000 | 004530000a22001570004500 | ||
|---|---|---|---|
| 090 |
_aAR _b01104 |
||
| 245 | 1 | 0 | _aElectronic ID systems comparison |
| 650 | 1 | 4 |
_aTécnicas de marcaje _994285 |
| 650 | 1 | 4 |
_aMarcaje de individuos _993707 |
| 650 | 1 | 4 |
_aMicrochips _994336 |
| 650 | 1 | 4 |
_aSistemas de identificación _994337 |
| 041 | 0 | _aInglés | |
| 100 | 1 |
_aInfoPet Identification Systems, Inc. _994338 |
|
| 942 | _cARTICULO | ||
| 773 | 1 |
_tInfopet _3405 _q1-6 _d1993 |
|
| 999 |
_c10190 _d10190 |
||